[Event "African Online-ch Open 2021"]
[Site "Online"]
[Date "2021.02.01"]
[Round "1.11"]
[White "Wanyama, Harold"]
[Black "Joelson, Ricardo"]
[Result "1-0"]
[WhiteElo "2312"]
[BlackElo "2017"]
[Annotator "TA"]
[PlyCount "83"]
[EventDate "2021.02.01"]
[EventType "swiss"]
[EventCountry "NET"]

{[%evp 9,83,-13,-5,-16,0,0,0,-21,-20,-21,0,0,12,-6,38,-31,18,0,0,0,-2,-14,43,22,29,0,35,40,185,78,98,83,81,72,93,82,95,43,142,30,44,53,29,41,39,29,38,31,38,27,54,54,122,121,127,141,188,146,140,99,105,53,73,61,130,38,64,31,25,25,36,0,29986,1118,29987,29988]} 1. d4 Nf6 2. c4 e6 3. Nc3 d5 4. e3 Be7 5. Qc2 b6 6. Nf3 {D35: Queen's Gambit Declined: Exchange Variation.} Bb7 7. cxd5 exd5 8. Ne5 {The position is equal.} O-O 9. Bd3 Nbd7 10. f4 c5 11. O-O Rc8 {[#]} 12. Rf3 $146 ({White should play} 12. Nxd7 $14 Qxd7 13. Bf5) ({Predecessor:} 12. Nxd7 Nxd7 13. Bxh7+ Kh8 14. Rf3 Nf6 15. Bf5 Rc7 16. Rh3+ Kg8 17. Qf2 Bc8 18. Bxc8 Nh7 19. Bf5 g6 20. Qg3 Rc6 21. Bd3 cxd4 22. exd4 {1-0 (22) Pozuelo Yvancos,E (1716)-Jara Garcia,A (1418) Benidorm 2013}) 12... cxd4 13. exd4 Ne4 14. Qa4 Nxe5 (14... Nxc3 $6 15. Qxd7 Qxd7 16. Nxd7 $16) 15. fxe5 Bc6 ({Reject} 15... Nxc3 16. bxc3 (16. Qxa7 $2 Bc6 $19) 16... Bc6 17. Qb3 $16 (17. Qxa7 $2 Ra8 $19)) (15... f6 $11) 16. Qd1 (16. Qxa7 $2 Ra8 $19) 16... f5 17. Rh3 g6 18. Bh6 Re8 (18... Rf7 $14) 19. Qb3 (19. Nxe4 $18 {has better winning chances.} fxe4 20. Ba6) 19... Ng5 20. Rg3 Ne6 21. Ne2 Bf8 22. Bd2 Bg7 23. Rf1 (23. Ba6 $16) 23... Qd7 {[#]} (23... b5 $14) 24. Qd1 (24. h4 $1 $16) 24... Bb5 $1 $11 25. Bxb5 Qxb5 26. Bc3 Rf8 27. Nf4 Nxf4 28. Rxf4 Qc4 29. a3 Rfd8 30. Rf1 Re8 {[#]} (30... Qc6 $14) 31. h4 $1 $16 Re6 32. h5 Rf8 33. hxg6 Rxg6 34. Rgf3 Bh6 35. Qe1 ({But not} 35. Rxf5 $6 Be3+ 36. Kh2 Rh6+ 37. Kg3 Rg6+ 38. Kh4 Rh6+ 39. Kg3 Rg6+ 40. Kh4 Rh6+ 41. Kg3 $11) (35. Bb4 $16 Re8 36. Rh3) 35... f4 36. R1f2 Qc6 ({Better is} 36... Qc8 $14) 37. Re2 (37. Bd2 $16) 37... Qe6 38. Qd2 Qg4 {Hoping for ...Qxf3.} 39. Qd3 Bg5 40. Be1 h5 $2 {[%mdl 8192]} 41. Qxg6+ Kh8 {[#]} 42. Rh3 $1 {[%mdl 512] Weighted Error Value: White=0.27/Black=0.47} 1-0

[Event "African Online-ch Open 2021"]
[Site "Online"]
[Date "2021.02.01"]
[Round "1.12"]
[White "Singe, Philip Mbawala"]
[Black "Bouzidi, Ahmed"]
[Result "0-1"]
[WhiteElo "1857"]
[BlackElo "2163"]
[PlyCount "52"]
[EventDate "2021.02.01"]
[EventType "swiss"]
[EventCountry "NET"]
[TimeControl "1500+10"]
[WhiteClock "0:13:22"]
[BlackClock "0:18:12"]

1. e4 {[%emt 0:00:00]} e5 {[%emt 0:00:15]} 2. Nf3 {[%emt 0:00:04]} Nc6 {[%emt 0:00:04]} 3. d4 {[%emt 0:00:02]} exd4 {[%emt 0:00:08]} 4. Bc4 {[%emt 0:00:02]} Bc5 {[%emt 0:01:19]} 5. Ng5 {[%emt 0:00:07]} Nh6 {[%emt 0:00:03]} 6. Nxf7 {[%emt 0:00:02]} Nxf7 {[%emt 0:00:03]} 7. Bxf7+ {[%emt 0:00:04]} Kxf7 {[%emt 0:00:02]} 8. Qh5+ {[%emt 0:00:03]} g6 {[%emt 0:00:29]} 9. Qd5+ {[%emt 0:00:10]} Kg7 {[%emt 0:00:17]} 10. Qxc5 {[%emt 0:00:02]} d6 {[%emt 0:00:05]} 11. Qb5 {[%emt 0:00:04]} Re8 {[%emt 0:01:07]} 12. Nd2 {[%emt 0:01:21]} d5 {[%emt 0:00:30]} 13. f3 {[%emt 0:00:52]} dxe4 {[%emt 0:01:05]} 14. Nxe4 {[%emt 0:00:16]} Rxe4+ {[%emt 0:01:42]} 15. fxe4 {[%emt 0:00:06]} Qh4+ {[%emt 0:00:04]} 16. Kf1 {[%emt 0:00:43]} Be6 {[%emt 0:01:08]} 17. h3 {[%emt 0:08:35]} Rf8+ {[%emt 0:00:23]} 18. Kg1 {[%emt 0:00:05]} Qf2+ {[%emt 0:00:07]} 19. Kh2 {[%emt 0:00:04]} Rf3 {[%emt 0:00:02]} 20. Qb3 {[%emt 0:02:32]} Bxb3 {[%emt 0:00:11]} 21. axb3 {[%emt 0:00:02]} Ne5 {[%emt 0:01:46]} 22. Bg5 {[%emt 0:00:25]} Qg3+ {[%emt 0:00:08]} 23. Kg1 {[%emt 0:00:04]} Qxg5 {[%emt 0:00:03]} 24. Rxa7 {[%emt 0:00:04]} Qe3+ {[%emt 0:00:03]} 25. Kh2 {[%emt 0:00:03]} Rxh3+ {[%emt 0:00:03]} 26. gxh3 {[%emt 0:00:06]} Qf2# {[%emt 0:00:01]} 0-1

[Event "African Online-ch Open 2021"]
[Site "Online"]
[Date "2021.02.01"]
[Round "1.13"]
[White "Seddaoui, Yamine"]
[Black "Khalema, Sechaba"]
[Result "1-0"]
[WhiteElo "2127"]
[BlackElo "1827"]
[PlyCount "75"]
[EventDate "2021.02.01"]
[EventType "swiss"]
[EventCountry "NET"]
[TimeControl "1500+10"]
[WhiteClock "0:17:32"]
[BlackClock "0:23:46"]

1. e4 {[%emt 0:00:00]} e5 {[%emt 0:01:18]} 2. Nf3 {[%emt 0:00:05]} Nc6 {[%emt 0:00:05]} 3. Bb5 {[%emt 0:00:43]} a6 {[%emt 0:00:12]} 4. Bxc6 {[%emt 0:00:04]} dxc6 {[%emt 0:00:17]} 5. O-O {[%emt 0:00:04]} Be6 {[%emt 0:00:09]} 6. Nxe5 {[%emt 0:00:32]} Qd4 {[%emt 0:00:07]} 7. Nf3 {[%emt 0:00:18]} Qxe4 {[%emt 0:00:04]} 8. Re1 {[%emt 0:00:02]} Qg6 {[%emt 0:00:04]} 9. Nd4 {[%emt 0:01:49]} O-O-O {[%emt 0:00:04]} 10. Nxe6 {[%emt 0:00:02]} fxe6 {[%emt 0:00:02]} 11. d3 {[%emt 0:00:01]} Bd6 {[%emt 0:00:10]} 12. Qe2 {[%emt 0:00:03]} Re8 {[%emt 0:00:03]} 13. Nc3 {[%emt 0:00:04]} Nf6 {[%emt 0:00:03]} 14. Ne4 {[%emt 0:00:10]} Rhf8 {[%emt 0:00:07]} 15. Nxd6+ {[%emt 0:01:23]} cxd6 {[%emt 0:00:05]} 16. Bf4 {[%emt 0:00:33]} e5 {[%emt 0:00:04]} 17. Bg3 {[%emt 0:00:02]} Nd5 {[%emt 0:00:04]} 18. Qe4 {[%emt 0:02:00]} Qxe4 {[%emt 0:01:15]} 19. dxe4 {[%emt 0:00:07]} Nf6 {[%emt 0:00:06]} 20. Rad1 {[%emt 0:00:04]} Re6 {[%emt 0:00:05]} 21. f3 {[%emt 0:00:14]} Nh5 {[%emt 0:00:04]} 22. Bf2 {[%emt 0:00:08]} g5 {[%emt 0:00:04]} 23. Rd2 {[%emt 0:00:26]} Kc7 {[%emt 0:00:05]} 24. Red1 {[%emt 0:00:06]} Rg6 {[%emt 0:00:06]} 25. h3 {[%emt 0:00:19]} c5 {[%emt 0:00:09]} 26. a3 {[%emt 0:00:33]} a5 {[%emt 0:00:15]} 27. b3 {[%emt 0:00:25]} Ra8 {[%emt 0:00:18]} 28. c3 {[%emt 0:00:18]} Ra6 {[%emt 0:00:06]} 29. b4 {[%emt 0:00:35]} axb4 {[%emt 0:00:06]} 30. axb4 {[%emt 0:00:03]} b6 {[%emt 0:00:03]} 31. bxc5 {[%emt 0:00:14]} bxc5 {[%emt 0:00:04]} 32. Rb2 {[%emt 0:00:05]} Rb6 {[%emt 0:00:04]} 33. Ra2 {[%emt 0:01:00]} Rg8 {[%emt 0:00:04]} 34. Ra7+ {[%emt 0:00:19]} Kc6 {[%emt 0:00:11]} 35. Rxh7 {[%emt 0:00:09]} Nf4 {[%emt 0:00:05]} 36. Kf1 {[%emt 0:00:32]} Ra6 {[%emt 0:01:01]} 37. Rh6 {[%emt 0:00:08]} Rd8 {[%emt 0:00:15]} 38. g3 {[%emt 0:00:08] #r} 1-0

[Event "African Online-ch Open 2021"]
[Site "Online"]
[Date "2021.02.01"]
[Round "1.14"]
[White "Njoroge Martin"]
[Black "Oatlhotse, Providence"]
[Result "0-1"]
[WhiteElo "1965"]
[BlackElo "2190"]
[PlyCount "74"]
[EventDate "2021.02.01"]
[EventType "swiss"]
[EventCountry "NET"]
[TimeControl "1500+10"]
[WhiteClock "0:12:16"]
[BlackClock "0:16:02"]

1. Nf3 {[%emt 0:00:00]} c5 {[%emt 0:00:09]} 2. c4 {[%emt 0:00:04]} Nc6 {[%emt 0:00:02]} 3. Nc3 {[%emt 0:00:03]} g6 {[%emt 0:00:02]} 4. e3 {[%emt 0:00:17]} Bg7 {[%emt 0:00:02]} 5. g3 {[%emt 0:00:01]} Nf6 {[%emt 0:00:37]} 6. Bg2 {[%emt 0:00:05]} O-O {[%emt 0:00:04]} 7. O-O {[%emt 0:00:04]} b6 {[%emt 0:00:04]} 8. Qe2 {[%emt 0:00:06]} Ba6 {[%emt 0:00:08]} 9. Rb1 {[%emt 0:00:07]} Rc8 {[%emt 0:00:18]} 10. d3 {[%emt 0:00:04]} d5 {[%emt 0:00:21]} 11. Rd1 {[%emt 0:01:33]} e6 {[%emt 0:00:40]} 12. b3 {[%emt 0:00:23]} Qd7 {[%emt 0:02:25]} 13. Bb2 {[%emt 0:00:07]} Rfd8 {[%emt 0:00:13]} 14. Qe1 {[%emt 0:00:18]} d4 {[%emt 0:00:23]} 15. exd4 {[%emt 0:00:08]} Nxd4 {[%emt 0:00:08]} 16. Nxd4 {[%emt 0:00:06]} cxd4 {[%emt 0:00:02]} 17. Ne4 {[%emt 0:00:24]} Ne8 {[%emt 0:00:36]} 18. f4 {[%emt 0:00:15]} h6 {[%emt 0:00:22]} 19. Qd2 {[%emt 0:00:52]} Bb7 {[%emt 0:00:37]} 20. Qf2 {[%emt 0:00:24]} Bc6 {[%emt 0:01:24]} 21. Re1 {[%emt 0:00:06]} Nc7 {[%emt 0:00:22]} 22. h4 {[%emt 0:02:44]} Ne8 {[%emt 0:01:21]} 23. Bf3 {[%emt 0:00:14]} Nd6 {[%emt 0:01:26]} 24. Nxd6 {[%emt 0:01:58]} Qxd6 {[%emt 0:00:08]} 25. Bxc6 {[%emt 0:00:05]} Qxc6 {[%emt 0:00:42]} 26. Re4 {[%emt 0:00:32]} Rd7 {[%emt 0:00:12]} 27. Bxd4 {[%emt 0:01:44]} Qxe4 {[%emt 0:00:20]} 28. Bxg7 {[%emt 0:00:41]} Qxd3 {[%emt 0:00:09]} 29. Qb2 {[%emt 0:00:16]} Qxg3+ {[%emt 0:00:11]} 30. Kh1 {[%emt 0:00:06]} Qxh4+ {[%emt 0:00:10]} 31. Kg1 {[%emt 0:00:03]} Qg4+ {[%emt 0:00:18]} 32. Kh1 {[%emt 0:00:04]} Qf3+ {[%emt 0:00:31]} 33. Kg1 {[%emt 0:00:05]} Qe3+ {[%emt 0:00:11]} 34. Kh1 {[%emt 0:00:12]} Rd2 {[%emt 0:00:11]} 35. Qc3 {[%emt 0:04:25]} Qe4+ {[%emt 0:00:12]} 36. Qf3 {[%emt 0:00:16]} Qxf3+ {[%emt 0:00:05]} 37. Kg1 {[%emt 0:00:02]} Qg2# {[%emt 0:00:02]} 0-1

[Event "African Online-ch Open 2021"]
[Site "Online"]
[Date "2021.02.01"]
[Round "1.15"]
[White "Miguel, Sergio"]
[Black "Mwashe, Philip"]
[Result "1-0"]
[WhiteElo "2377"]
[BlackElo "1756"]
[Annotator "TA"]
[PlyCount "109"]
[EventDate "2021.02.01"]
[EventType "swiss"]
[EventCountry "NET"]

{[%evp 13,109,-4,16,7,23,23,52,0,0,-6,9,12,4,11,37,24,12,-14,79,3,3,10,8,4,0,-8,0,-3,-3,-6,0,0,-5,-5,38,19,30,7,7,8,8,4,10,5,8,-35,-37,-35,41,41,54,44,51,52,108,25,52,32,143,156,141,135,264,241,191,118,460,454,456,443,675,655,891,897,1383,1323,29971,29972,29976,29977,29976,29977,29979,29980,29980,29980,29981,29982,29984,29985,29985,29986,29986,29987,29987,29988,29988,29989]} 1. d4 Nf6 2. Nf3 g6 3. Bf4 Bg7 4. e3 O-O 5. Nbd2 d6 6. h3 Nbd7 {6...b6 injects fresh life into this line.} 7. Bc4 c5 8. O-O {A48: 1 d4 Nf6 2 Nf3 g6: Torre, London and Colle Systems.} a6 9. a4 {[#]} Nb6 $146 ({Predecessor:} 9... b6 10. c3 Bb7 11. Qb3 d5 12. Be2 c4 13. Qc2 b5 14. axb5 axb5 15. Ra3 Rxa3 16. bxa3 {0-1 (36) Peet,J (1865)-Grewal,B (2211) Swansea 2006}) 10. a5 (10. dxc5 $14 dxc5 11. Bb3) 10... Nxc4 $11 11. Nxc4 {Black must now prevent Nb6.} cxd4 12. Nb6 (12. Qxd4 $2 e5 $17) 12... Rb8 13. exd4 Bf5 14. c4 Nd7 15. c5 (15. Nxd7 {with more complications.} Qxd7 16. Re1 h6 17. Nh4 g5 18. Nxf5 Qxf5 19. Bg3) 15... e5 {[#]} (15... Nxb6 $11 {remains equal.} 16. cxb6 h6) 16. Nxd7 (16. dxe5 $1 $16 {Hoping for Nxd7.} dxc5 17. Nd5) 16... Qxd7 17. dxe5 dxc5 18. Qxd7 Bxd7 19. e6 Bxe6 20. Bxb8 Rxb8 21. Rac1 Rc8 22. Rc2 Bf5 23. Rd2 Bh6 24. Rd6 Bg7 25. Rb6 Be4 26. Re1 Bc6 27. Ne5 Re8 28. f4 $36 {[%mdl 2048] White has the initiative.} f6 29. Nd3 {Rxe8+ is the strong threat.} (29. Nxc6 {seems wilder.} Rxe1+ 30. Kf2 Rb1 31. Rxb7 c4 32. Rb6) 29... Rxe1+ 30. Nxe1 $15 {[%mdl 4096] Endgame KRN-KB} f5 (30... Bf8 $15) 31. Nf3 $14 Kf8 32. Kf2 Ke7 33. g4 Kd6 (33... fxg4 $14 34. hxg4 Kd6) 34. Ke3 (34. gxf5 $16 gxf5 35. Ne5 Bxe5 36. fxe5+ Kxe5 37. Rb3) 34... fxg4 35. hxg4 Kc7 (35... h5 $14) 36. Ne5 $16 Bd5 37. g5 Bh8 (37... Bf8 $16 {was necessary.} 38. Ng4 Be7) 38. Kd3 Bg7 {[#]} 39. Ng4 (39. b4 $1 $18 {[%cal Rb4c5]}) 39... Bd4 {[%mdl 8192] Black cannot hold the game after this.} (39... Bf8 $16) 40. Nf6 $18 Bc6 41. Nxh7 Bg1 (41... Bb5+ $142 42. Kc2 Bc6) 42. Nf8 c4+ 43. Kxc4 Bxb6 44. axb6+ {KB-KN} Kd6 45. Nxg6 {White mates.} Ke6 46. f5+ Kd6 47. f6 Be8 48. Nh8 Ke6 49. Kc5 Bh5 50. f7 Bxf7 51. Nxf7 Kxf7 52. Kd6 Kg6 53. Kc7 Kxg5 54. Kxb7 Kf6 55. Kxa6 {Weighted Error Value: White=0.14/Black=0.49} 1-0

[Event "African Online-ch Open 2021"]
[Site "Online"]
[Date "2021.02.01"]
[Round "1.16"]
[White "Vermaak, Ashley Christopher"]
[Black "Oliveira, Luciano"]
[Result "0-1"]
[WhiteElo "1751"]
[BlackElo "2115"]
[PlyCount "74"]
[EventDate "2021.02.01"]
[EventType "swiss"]
[EventCountry "NET"]
[TimeControl "1500+10"]
[WhiteClock "0:01:19"]
[BlackClock "0:07:24"]

1. d4 {[%emt 0:00:00]} d5 {[%emt 0:00:08]} 2. c4 {[%emt 0:00:04]} e6 {[%emt 0:00:18]} 3. Nf3 {[%emt 0:00:06]} Nf6 {[%emt 0:00:06]} 4. Nc3 {[%emt 0:00:04]} Be7 {[%emt 0:00:08]} 5. Bf4 {[%emt 0:00:06]} O-O {[%emt 0:00:53]} 6. e3 {[%emt 0:00:07]} c6 {[%emt 0:00:15]} 7. Be2 {[%emt 0:00:36]} dxc4 {[%emt 0:00:44]} 8. a4 {[%emt 0:00:06]} Nd5 {[%emt 0:00:39]} 9. O-O {[%emt 0:03:22]} Nxf4 {[%emt 0:00:27]} 10. exf4 {[%emt 0:00:05]} c5 {[%emt 0:01:12]} 11. d5 {[%emt 0:05:58]} exd5 {[%emt 0:02:34]} 12. Nxd5 {[%emt 0:00:44]} Nc6 {[%emt 0:00:53]} 13. Ne5 {[%emt 0:03:44]} Nd4 {[%emt 0:05:08]} 14. Bxc4 {[%emt 0:00:08]} Be6 {[%emt 0:00:17]} 15. Nxe7+ {[%emt 0:03:27]} Qxe7 {[%emt 0:00:07]} 16. Bxe6 {[%emt 0:00:13]} Qxe6 {[%emt 0:00:08]} 17. Re1 {[%emt 0:01:22]} Qf5 {[%emt 0:00:34]} 18. Rc1 {[%emt 0:00:51]} b6 {[%emt 0:01:29]} 19. Qg4 {[%emt 0:00:20]} Qxg4 {[%emt 0:00:18]} 20. Nxg4 {[%emt 0:00:04]} Rfe8 {[%emt 0:00:07]} 21. Ne3 {[%emt 0:00:34]} Re4 {[%emt 0:00:32]} 22. b4 {[%emt 0:01:11]} cxb4 {[%emt 0:00:56]} 23. Rc4 {[%emt 0:02:21]} Rae8 {[%emt 0:01:48]} 24. Rxb4 {[%emt 0:00:25]} Nf3+ {[%emt 0:00:20]} 25. gxf3 {[%emt 0:00:36]} Rxb4 {[%emt 0:00:05]} 26. Ra1 {[%emt 0:00:13]} Rxf4 {[%emt 0:00:16]} 27. a5 {[%emt 0:00:13]} b5 {[%emt 0:00:26]} 28. a6 {[%emt 0:00:16]} Ra4 {[%emt 0:00:19]} 29. Rb1 {[%emt 0:00:05]} Rb8 {[%emt 0:00:16]} 30. Nd5 {[%emt 0:01:24]} Rxa6 {[%emt 0:00:13]} 31. Nc7 {[%emt 0:00:16]} Rc6 {[%emt 0:00:53]} 32. Rxb5 {[%emt 0:00:16]} Rxb5 {[%emt 0:00:06]} 33. Nxb5 {[%emt 0:00:03]} a5 {[%emt 0:00:09]} 34. Kf1 {[%emt 0:00:05]} Rc5 {[%emt 0:00:24]} 35. Nd4 {[%emt 0:00:07]} a4 {[%emt 0:00:08]} 36. Ke1 {[%emt 0:00:15]} a3 {[%emt 0:00:08]} 37. Kd2 {[%emt 0:00:04]} Rd5 {[%emt 0:00:22] #R} 0-1

[Event "African Online-ch Open 2021"]
[Site "Online"]
[Date "2021.02.01"]
[Round "1.17"]
[White "Paiva, Donaldo"]
[Black "Ebersohn, Raymond Gerhard"]
[Result "1-0"]
[WhiteElo "2230"]
[BlackElo "1726"]
[PlyCount "91"]
[EventDate "2021.02.01"]
[EventType "swiss"]
[EventCountry "NET"]
[TimeControl "1500+10"]
[WhiteClock "0:00:21"]
[BlackClock "0:02:29"]

1. c4 {[%emt 0:00:00]} Nf6 {[%emt 0:00:51]} 2. g3 {[%emt 0:00:07]} e6 {[%emt 0:00:07]} 3. Bg2 {[%emt 0:00:06]} d5 {[%emt 0:00:05]} 4. Nf3 {[%emt 0:00:04]} c6 {[%emt 0:00:09]} 5. Qc2 {[%emt 0:00:22]} Nbd7 {[%emt 0:00:20]} 6. O-O {[%emt 0:00:04]} Bd6 {[%emt 0:00:30]} 7. d4 {[%emt 0:00:09]} O-O {[%emt 0:00:15]} 8. Nbd2 {[%emt 0:00:06]} Qe7 {[%emt 0:01:09]} 9. e4 {[%emt 0:01:18]} dxe4 {[%emt 0:00:11]} 10. Nxe4 {[%emt 0:00:04]} Nxe4 {[%emt 0:00:04]} 11. Qxe4 {[%emt 0:00:04]} Nf6 {[%emt 0:00:03]} 12. Qe2 {[%emt 0:00:03]} h6 {[%emt 0:01:30]} 13. Bd2 {[%emt 0:01:16]} Qc7 {[%emt 0:01:41]} 14. Rfd1 {[%emt 0:01:45]} b6 {[%emt 0:00:38]} 15. Rac1 {[%emt 0:00:37]} c5 {[%emt 0:00:33]} 16. dxc5 {[%emt 0:00:17]} Bxc5 {[%emt 0:00:15]} 17. Bf4 {[%emt 0:00:10]} Qe7 {[%emt 0:00:25]} 18. a3 {[%emt 0:01:27]} a5 {[%emt 0:00:04]} 19. Ne5 {[%emt 0:07:35]} Bb7 {[%emt 0:00:06]} 20. Nc6 {[%emt 0:00:04]} Bxc6 {[%emt 0:00:04]} 21. Bxc6 {[%emt 0:00:04]} Rac8 {[%emt 0:00:02]} 22. Bf3 {[%emt 0:00:13]} Rfd8 {[%emt 0:02:07]} 23. Be5 {[%emt 0:00:11]} Nd7 {[%emt 0:01:09]} 24. Bc3 {[%emt 0:00:12]} e5 {[%emt 0:01:04]} 25. Bg4 {[%emt 0:00:11]} f6 {[%emt 0:00:43]} 26. Rd5 {[%emt 0:00:12]} Rc6 {[%emt 0:00:23]} 27. Rcd1 {[%emt 0:05:00]} Rd6 {[%emt 0:00:06]} 28. b4 {[%emt 0:00:59]} Rxd5 {[%emt 0:00:10]} 29. Rxd5 {[%emt 0:00:04]} axb4 {[%emt 0:00:03]} 30. axb4 {[%emt 0:00:03]} Bd6 {[%emt 0:01:00]} 31. Qd2 {[%emt 0:01:44]} Nf8 {[%emt 0:00:10]} 32. h4 {[%emt 0:03:06]} Bc7 {[%emt 0:00:15]} 33. h5 {[%emt 0:00:08]} Rd6 {[%emt 0:00:55]} 34. c5 {[%emt 0:00:24]} bxc5 {[%emt 0:00:10]} 35. bxc5 {[%emt 0:00:03]} Rc6 {[%emt 0:01:09]} 36. Bb4 {[%emt 0:00:08]} Qf7 {[%emt 0:04:13]} 37. Bf3 {[%emt 0:00:17]} Re6 {[%emt 0:00:25]} 38. Bd1 {[%emt 0:00:20]} Kh8 {[%emt 0:00:57]} 39. Bb3 {[%emt 0:01:45]} Qxh5 {[%emt 0:00:05]} 40. Rd7 {[%emt 0:00:10]} Qf3 {[%emt 0:01:23]} 41. Bxe6 {[%emt 0:00:17]} Nxe6 {[%emt 0:00:04]} 42. Rxc7 {[%emt 0:00:11]} Nd4 {[%emt 0:01:58]} 43. Qe3 {[%emt 0:00:28]} Qg4 {[%emt 0:01:19]} 44. Rb7 {[%emt 0:00:22]} Nf3+ {[%emt 0:01:08]} 45. Kf1 {[%emt 0:00:05]} Nh2+ {[%emt 0:00:03]} 46. Kg2 {[%emt 0:00:04] #r} 1-0

[Event "African Online-ch Open 2021"]
[Site "Online"]
[Date "2021.02.01"]
[Round "1.18"]
[White "Hamzaoui, Khalil"]
[Black "Abdelazeez, Mohamed Abdalla"]
[Result "0-1"]
[WhiteElo "1883"]
[BlackElo "2214"]
[PlyCount "54"]
[EventDate "2021.02.01"]
[EventType "swiss"]
[EventCountry "NET"]
[TimeControl "1500+10"]
[WhiteClock "0:01:13"]
[BlackClock "0:17:20"]

1. g3 {[%emt 0:00:00]} d5 {[%emt 0:00:08]} 2. Bg2 {[%emt 0:00:16]} c6 {[%emt 0:00:04]} 3. Nf3 {[%emt 0:00:21]} Nf6 {[%emt 0:00:07]} 4. O-O {[%emt 0:00:07]} Bf5 {[%emt 0:00:05]} 5. d3 {[%emt 0:01:32]} e6 {[%emt 0:00:15]} 6. c4 {[%emt 0:00:54]} h6 {[%emt 0:00:06]} 7. cxd5 {[%emt 0:00:24]} exd5 {[%emt 0:00:06]} 8. Qb3 {[%emt 0:01:01]} Qb6 {[%emt 0:00:08]} 9. Nc3 {[%emt 0:01:51]} Nbd7 {[%emt 0:00:11]} 10. e4 {[%emt 0:01:42]} dxe4 {[%emt 0:00:12]} 11. dxe4 {[%emt 0:00:05]} Be6 {[%emt 0:00:05]} 12. Qc2 {[%emt 0:00:19]} Be7 {[%emt 0:03:36]} 13. Be3 {[%emt 0:00:41]} Qa5 {[%emt 0:00:26]} 14. Nd4 {[%emt 0:00:23]} Bc4 {[%emt 0:01:12]} 15. Nf5 {[%emt 0:02:23]} Bxf1 {[%emt 0:00:18]} 16. Bxf1 {[%emt 0:01:28]} Bf8 {[%emt 0:00:31]} 17. e5 {[%emt 0:02:10]} Ng4 {[%emt 0:01:09] Black stopped clock for 232 seconds. Arbiter stopped clock for 6 seconds.} 18. Re1 {[%emt 0:03:29]} Nxe3 {[%emt 0:00:27]} 19. Rxe3 {[%emt 0:00:03]} O-O-O {[%emt 0:00:09]} 20. Nb5 {[%emt 0:00:52]} Kb8 {[%emt 0:01:21]} 21. Nbd6 {[%emt 0:04:38]} Bxd6 {[%emt 0:00:09]} 22. Nxd6 {[%emt 0:00:12]} Nxe5 {[%emt 0:00:05]} 23. Ra3 {[%emt 0:02:20]} Qd5 {[%emt 0:00:42]} 24. Ne4 {[%emt 0:00:31]} f5 {[%emt 0:00:15]} 25. Nc5 {[%emt 0:00:04]} Nf3+ {[%emt 0:00:10]} 26. Rxf3 {[%emt 0:00:21]} Qxf3 {[%emt 0:00:06]} 27. Qb3 {[%emt 0:00:10]} Qxb3 {[%emt 0:00:07] #R} 0-1

[Event "African Online-ch Open 2021"]
[Site "Online"]
[Date "2021.02.01"]
[Round "1.19"]
[White "Pascoal, Eduardo A"]
[Black "Likoko, Elvis"]
[Result "1/2-1/2"]
[WhiteElo "2184"]
[BlackElo "1646"]
[PlyCount "71"]
[EventDate "2021.02.01"]
[EventType "swiss"]
[EventCountry "NET"]
[TimeControl "1500+10"]
[WhiteClock "0:01:47"]
[BlackClock "0:13:10"]

1. d4 {[%emt 0:00:00]} Nf6 {[%emt 0:00:05]} 2. Bf4 {[%emt 0:00:09]} d6 {[%emt 0:00:32]} 3. e3 {[%emt 0:00:07]} g6 {[%emt 0:00:04]} 4. h3 {[%emt 0:00:15]} Bg7 {[%emt 0:00:04]} 5. Nf3 {[%emt 0:00:04]} O-O {[%emt 0:00:05]} 6. c4 {[%emt 0:00:05]} c5 {[%emt 0:00:10]} 7. Nc3 {[%emt 0:00:04]} Bf5 {[%emt 0:00:09]} 8. Be2 {[%emt 0:00:04]} Nc6 {[%emt 0:01:39]} 9. O-O {[%emt 0:00:57]} cxd4 {[%emt 0:00:05]} 10. exd4 {[%emt 0:00:08]} Rc8 {[%emt 0:00:12]} 11. Rc1 {[%emt 0:01:54]} Qa5 {[%emt 0:00:16]} 12. Be3 {[%emt 0:01:00]} Ne4 {[%emt 0:00:13]} 13. Qb3 {[%emt 0:04:42]} Nxc3 {[%emt 0:02:30]} 14. Qxc3 {[%emt 0:04:32]} Qxc3 {[%emt 0:00:21]} 15. Rxc3 {[%emt 0:00:07]} e5 {[%emt 0:00:05]} 16. Rd1 {[%emt 0:02:02]} Rfe8 {[%emt 0:00:58]} 17. Kf1 {[%emt 0:01:43]} Be4 {[%emt 0:00:12]} 18. dxe5 {[%emt 0:03:35]} dxe5 {[%emt 0:00:08]} 19. Nd2 {[%emt 0:01:15]} Bf5 {[%emt 0:00:13]} 20. g4 {[%emt 0:00:36]} Be6 {[%emt 0:00:11]} 21. Ne4 {[%emt 0:00:04]} Rcd8 {[%emt 0:00:50]} 22. Rxd8 {[%emt 0:02:16]} Rxd8 {[%emt 0:00:15]} 23. Bg5 {[%emt 0:00:04]} Rd4 {[%emt 0:02:27]} 24. f3 {[%emt 0:00:06]} h6 {[%emt 0:00:31]} 25. Be3 {[%emt 0:00:30]} Rd8 {[%emt 0:00:07]} 26. Nc5 {[%emt 0:00:30]} Bc8 {[%emt 0:00:14]} 27. Rb3 {[%emt 0:00:37]} b6 {[%emt 0:00:22]} 28. Ne4 {[%emt 0:00:18]} f5 {[%emt 0:00:24]} 29. Nc3 {[%emt 0:00:10]} Nd4 {[%emt 0:01:14]} 30. Bxd4 {[%emt 0:00:08]} Rxd4 {[%emt 0:00:52]} 31. Nb5 {[%emt 0:00:15]} Rd7 {[%emt 0:00:43]} 32. Rd3 {[%emt 0:00:04]} e4 {[%emt 0:00:52]} 33. fxe4 {[%emt 0:00:10]} fxe4 {[%emt 0:00:08]} 34. Rd6 {[%emt 0:00:13]} a6 {[%emt 0:00:27]} 35. Rxd7 {[%emt 0:00:25]} Bxd7 {[%emt 0:00:02]} 36. Nd6 {[%emt 0:00:04] Black offered a draw. #d} 1/2-1/2